| 000 | 00380nam a2200145Ia 4500 | ||
|---|---|---|---|
| 008 | 231217s9999 xx 000 0 und d | ||
| 041 | _aEnglish | ||
| 082 | _a658.076 CHO;1 R | ||
| 100 | _aChopra, K DChopra, R PChopra, S K | ||
| 245 | 0 | _aComdex CAT : all -in-one study kit | |
| 260 |
_c2003 _bDreamtech press _aNew Delhi |
||
| 300 | _a575 | ||
| 300 | _cCD2076 | ||
| 942 | _cAA | ||
| 999 |
_c174868 _d174868 |
||